000
00251nam a2200097Ia 4500
008
190216s9999||||xx |||||||||||||| ||und||
100
_a
Divakaran M
245
0
_a
Civil Prathirotham Adunika Yudha Thanthrathil
260
_b
Kerala Basha Inst
942
_c
BK
999
_c
30256
_d
30256